|
|
|
|
| LEADER |
00889nam a22002417a 4500 |
| 001 |
AAL2594 |
| 003 |
BD-DhAAL |
| 005 |
20160421120116.0 |
| 008 |
160421m19971994ii ||||| |||| 00| 0 eng d |
| 020 |
|
|
|a 8186112626
|
| 040 |
|
|
|a BD-DhAAL
|c BD-DhAAL
|
| 082 |
|
|
|a 658.4/092
|
| 100 |
|
|
|a Saraf, V K
|9 19183
|
| 245 |
|
|
|a How to become a good leader :
|b pathways to perfection /
|c V K Saraf
|
| 260 |
|
|
|a New Delhi :
|b UBS Publishers' Distributors,
|c 2004.
|
| 300 |
|
|
|a xvi, 299 p. ;
|c 22 cm
|
| 541 |
|
|
|e 2594
|
| 650 |
|
|
|a Leadership.
|9 19184
|
| 650 |
|
|
|a Self-culture.
|9 19185
|
| 852 |
|
|
|a Savar Campus Library:
|c General Shelf
|
| 942 |
|
|
|2 ddc
|c BK
|
| 999 |
|
|
|c 37458
|d 37458
|
| 952 |
|
|
|0 0
|1 0
|2 ddc
|4 0
|6 658_400000000000000_092_SAR
|7 0
|9 58815
|a SCL
|b SCL
|c GEN
|d 2016-04-21
|g 141.00
|l 0
|o 658.4092 SAR
|p 3020002594
|r 2016-04-21
|t 1
|w 2016-04-21
|y BK
|x 'The mentioned price is BDT conversion, actual price was RS120'
|